Náčrt prednášok z plánovania národného hospodárstva
Salvato in:
| Autore principale: | |
|---|---|
| Ente Autore: | |
| Natura: | Libro |
| Lingua: | slovacco |
| Pubblicazione: |
Bratislava
Slovenské pedagogické nakladateľstvo
1953
|
| Soggetti: | |
| Tags: |
Nessun Tag, puoi essere il primo ad aggiungerne!!
|
MARC
| LEADER | 00000nam$a2200000$$$4500 | ||
|---|---|---|---|
| 001 | 0024562 | ||
| 005 | 20240109102110.0 | ||
| 041 | 0 | |a slo | |
| 044 | |a SK | ||
| 245 | 1 | 0 | |a Náčrt prednášok z plánovania národného hospodárstva |c Hvezdoň Dušan Kočtúch |
| 264 | 1 | |a Bratislava |b Slovenské pedagogické nakladateľstvo |c 1953 | |
| 300 | |a 197 s. | ||
| 610 | 2 | 0 | |a hospodárstvo národné |
| 610 | 2 | 0 | |a plánovanie hospodárske |
| 610 | 2 | 0 | |a veda ekonomická |
| 610 | 2 | 0 | |a teórie ekonomické |
| 610 | 2 | 0 | |a plán hospodársky |
| 100 | 1 | |a Kočtúch, Hvezdoň Dušan | |
| 710 | 2 | |a Vysoká škola ekonomická v Bratislave | |